[Event "Burjassot U2200 op 7th"]
[Site "Burjassot"]
[Date "2019.10.18"]
[Round "6"]
[White "Fas Marco, Juan"]
[Black "Ferrando Garcia, German"]
[Result "0-1"]
[WhiteElo "1457"]
[BlackElo "1348"]
[PlyCount "58"]
[EventDate "2019.09.06"]
[EventType "swiss"]
[EventRounds "7"]
[EventCountry "ESP"]
[SourceTitle "EXT 2024"]
[Source "ChessBase"]
[SourceDate "2023.10.10"]
[SourceVersion "1"]
[SourceVersionDate "2023.10.10"]
[SourceQuality "1"]

1. e4 c5 2. Nf3 d6 3. d4 cxd4 4. Nxd4 Nf6 5. Nc3 g6 6. Be3 Bg7 7. Bc4 0-0 8. Bb3 Ng4 9. Bg5 Nc6 10. Nxc6 bxc6 11. Qd2 Ba6 12. f3 Ne5 13. 0-0-0 Rb8 14. Qe3 Bc4 15. Bh6 Bxh6 16. Qxh6 Bxb3 17. axb3 Qa5 18. Na4 c5 19. Qd2 Qa6 20. Qd5 c4 21. Nc3 cxb3 22. cxb3 Rfc8 23. Kc2 Rc5 24. Qd4 Rxb3 25. Kxb3 Rc4 26. Qd5 Rc5 27. Qa8+ Kg7 28. Qb8 Nc6 29. Rxd6 Qc4+ 0-1